Homeowners face rising repair bills (Record no. 71918)

MARC details
000 -LEADER
fixed length control field 00981cam a2200217 4500
001 - CONTROL NUMBER
control field WB3902-05
008 - FIXED-LENGTH DATA ELEMENTS--GENERAL INFORMATION
fixed length control field 030115n2003 000 0 eng u
035 ## - SYSTEM CONTROL NUMBER
System control number (Sirsi) u121021
245 ## - TITLE STATEMENT
Title Homeowners face rising repair bills
260 ## - PUBLICATION, DISTRIBUTION, ETC.
Date of publication, distribution, etc. 2003
490 ## - SERIES STATEMENT
Series statement BMI Press Release
Volume/sequential designation January 2003, (2)
520 ## - SUMMARY, ETC.
Summary, etc. The latest "Quarterly briefing of maintenance costs" (available as a subscription service from Building Maintenance Information) shows that over the last 12 months costs for repairs and maintenance work for private householders has increased by 15%. This increase is far higher than that in the private sector and is attributed to the shortage of skilled tradesmen in such areas as carpentry and plumbing.
590 ## - LOCAL NOTE (RLIN)
Local note WB
650 ## - SUBJECT ADDED ENTRY--TOPICAL TERM
Topical term or geographic name entry element HOMEOWNERS
650 ## - SUBJECT ADDED ENTRY--TOPICAL TERM
Topical term or geographic name entry element BUILT ENVIRONMENT-BUILDING MAINTENANCE AND REFURBISHMENT
650 ## - SUBJECT ADDED ENTRY--TOPICAL TERM
Topical term or geographic name entry element MAINTENANCE COSTS
650 ## - SUBJECT ADDED ENTRY--TOPICAL TERM
Topical term or geographic name entry element LABOUR SHORTAGES
650 ## - SUBJECT ADDED ENTRY--TOPICAL TERM
Topical term or geographic name entry element SKILL SHORTAGES
690 ## - LOCAL SUBJECT ADDED ENTRY--TOPICAL TERM (OCLC, RLIN)
Topical term or geographic name as entry element BUILT ENVIRONMENT
942 ## - ADDED ENTRY ELEMENTS (KOHA)
Suppress in OPAC 0
Holdings
Withdrawn status Lost status Source of classification or shelving scheme Damaged status Not for loan Home library Current library Shelving location Date acquired Total Checkouts Full call number Barcode Date last seen Copy number Price effective from Koha item type
    Dewey Decimal Classification     London London News article 15/01/2003   WB3902-05 121021-1001 06/08/2019 1 06/08/2019 News article